| Tag |
First Indicator |
Second Indicator |
Subfields |
| LEADER |
00000cam a2200000 i 4500 |
| 001 |
in00004592003 |
| 003 |
OCoLC |
| 005 |
20220825202404.7 |
| 008 |
220128t20222022nyu 000 p eng |
| 010 |
|
|
|a 2022003859
|
| 040 |
|
|
|a DLC
|e rda
|c DLC
|
| 020 |
|
|
|a 9781954245280
|q trade paperback
|
| 020 |
|
|
|a 1954245289
|q trade paperback
|
| 020 |
|
|
|z 9781954245341
|q electronic publication
|
| 035 |
|
|
|a (OCoLC)1294151605
|
| 050 |
0 |
0 |
|a PS3573.O5295
|b M67 2022
|
| 082 |
0 |
0 |
|a 811/.54
|2 23
|
| 100 |
1 |
|
|a Wolff, Daniel J.,
|e author.
|
| 245 |
1 |
0 |
|a More poems about money /
|c Daniel Wolff.
|
| 264 |
|
1 |
|a Tribeca, New York :
|b Four Way Books,
|c [2022].
|
| 264 |
|
4 |
|c ©2022.
|
| 300 |
|
|
|a vii, 69 pages ;
|c 23 cm.
|
| 336 |
|
|
|a text
|b txt
|2 rdacontent
|
| 337 |
|
|
|a unmediated
|b n
|2 rdamedia
|
| 338 |
|
|
|a volume
|b nc
|2 rdacarrier
|
| 945 |
|
|
|b 398336
|
| 947 |
|
|
|a A14851592759
|
| 948 |
|
|
|a dmitchel 8/25/22 3.20.10
|
| 980 |
|
|
|b print
|c 40031219803
|f LIT/B
|g 565714
|k USD
|m 14.54
|q 1
|s AcqMono Conventional
|t Approval plan
|u Vendor order reference number
|v ZYBP
|y Print approval
|z Physical resource
|
| 999 |
f |
f |
|i f5370bb3-3b63-4c21-890d-12cbd59f10cd
|s 74b610b6-128e-4552-914a-367ba400a89b
|t 0
|
| 952 |
f |
f |
|p normal
|a Texas A&M University
|b College Station
|c Sterling C. Evans Library
|s Evans stk
|d Evans: Library Stacks
|t 0
|e PS3573.O5295 M67 2022
|h Library of Congress classification
|i unmediated -- volume
|m A14851592759
|